Cartoon Characters Quiz! #4 - Statistics

General Stats
  • This quiz has been taken 103 times
  • The average score is 9 of 15
Answer Stats
Picture Answer % Correct
Wario
89%
The Powerpuff Girls
86%
Shaggy
82%
Tweety
81%
Daisy Duck
75%
Sandy Cheeks
74%
Betty Boop
67%
Steven
66%
Arnold
55%
Elmer Fudd
47%
Lincoln Loud
45%
Ren
41%
Stimpy
41%
Felix The Cat
33%
Rocko
32%
No matching quizzes found
Score Distribution
Percent of People with Each Score
Percentile by Number Answered
Your Score History
You have not taken this quiz